[Event "Montreal op"]
[Site "Montreal CAN"]
[Date "2025.09.07"]
[Round "6.7"]
[White "Gutierrez, Renzo"]
[Black "Sambuev, Bator"]
[Result "0-1"]
[WhiteElo "2172"]
[BlackElo "2431"]
[WhiteFideId "-1"]
[WhiteFideId "-1"]
[PlyCount "62"]
[GameId "2221633315300007"]
[EventDate "2025.09.03"]
[EventType "swiss"]
[EventRounds "7"]
[EventCountry "CAN"]

1. d4 Nf6 2. c4 e6 3. Nc3 Bb4 4. Qc2 c5 5. dxc5 O-O 6. a3 Bxc5 7. Nf3 b6 8. e3 Bb7 9. Be2 Be7 10. O-O d6 11. b3 Nbd7 12. Bb2 Rc8 13. Rfd1 a6 14. Rac1 Rc7 15. Ng5 h6 16. Nge4 Nxe4 17. Nxe4 Qa8 18. Nxd6 Bxg2 19. e4 Bxd6 20. Kxg2 Bf4 21. Rb1 f5 22. Bf3 Qd8 23. Rg1 Qh4 24. h3 Ne5 25. Qe2 Rcf7 26. Rbf1 Rf6 27. exf5 Rxf5 28. Bg4 Nxg4 29. hxg4 Rg5 30. Qxe6+ Kh8 31. Kf3 Be5+ 0-1

[Event "Montreal op"]
[Site "Montreal CAN"]
[Date "2025.09.07"]
[Round "6.8"]
[White "Navarro Guerrero, Pavel"]
[Black "Saine, Zachary"]
[Result "1/2-1/2"]
[WhiteElo "2100"]
[BlackElo "2068"]
[WhiteFideId "-1"]
[WhiteFideId "-1"]
[PlyCount "83"]
[GameId "2221633315300008"]
[EventDate "2025.09.03"]
[EventType "swiss"]
[EventRounds "7"]
[EventCountry "CAN"]

1. c4 e6 2. g3 Nf6 3. Nf3 d5 4. d4 dxc4 5. Qa4+ c6 6. Qxc4 b5 7. Qc2 Bb7 8. Bg2 Nbd7 9. Ne5 Nxe5 10. dxe5 Nd5 11. a3 c5 12. O-O Qc7 13. e4 Nb6 14. f4 Be7 15. Nc3 c4 16. Be3 a6 17. Qf2 Nd7 18. f5 Nxe5 19. fxe6 O-O 20. Nd5 Bxd5 21. exd5 fxe6 22. Qe2 Rxf1+ 23. Rxf1 Re8 24. dxe6 Bc5 25. Kh1 Bxe3 26. Qxe3 Qd6 27. Qa7 Qxe6 28. Re1 Qd6 29. Qb7 Qd2 30. Rf1 Qd6 31. Re1 Rd8 32. Rf1 Rf8 33. Qd5+ Qxd5 34. Bxd5+ Nf7 35. Kg2 g6 36. Rf6 Kg7 37. Rxa6 Rd8 38. Bxf7 Rd2+ 39. Kh3 Kxf7 40. a4 Rxb2 41. axb5 Rxb5 42. Rc6 1/2-1/2

[Event "Montreal op"]
[Site "Montreal CAN"]
[Date "2025.09.07"]
[Round "6.9"]
[White "Duong, Thanh Nha"]
[Black "Batorshyn, Ilia"]
[Result "1-0"]
[WhiteElo "2145"]
[BlackElo "2189"]
[WhiteFideId "-1"]
[WhiteFideId "-1"]
[PlyCount "71"]
[GameId "2221633315304105"]
[EventDate "2025.09.03"]
[EventType "swiss"]
[EventRounds "7"]
[EventCountry "CAN"]

1. c4 b6 2. Nc3 Bb7 3. e4 e5 4. Nf3 d6 5. d4 exd4 6. Nxd4 Nf6 7. f3 Be7 8. Nf5 O-O 9. Bg5 Re8 10. Qd2 Bf8 11. O-O-O Nbd7 12. h4 a6 13. Kb1 Qb8 14. h5 b5 15. Nd5 Nxd5 16. cxd5 c6 17. dxc6 Bxc6 18. Nxd6 Bxd6 19. Qxd6 Qb7 20. h6 Re6 21. Qd4 Rg6 22. Bf4 Nf8 23. hxg7 Ne6 24. Qe3 Re8 25. Rh5 Nxg7 26. Rg5 Ne6 27. Rxg6+ fxg6 28. Be5 Qe7 29. Bc3 Qc7 30. Bd3 Nf4 31. Bc2 Ne6 32. Bb3 b4 33. Bd4 a5 34. Bc3 a4 35. Bxe6+ Rxe6 36. Qd4 1-0

[Event "Montreal op"]
[Site "Montreal CAN"]
[Date "2025.09.07"]
[Round "6.10"]
[White "Li, Yilin"]
[Black "Saha, Ananda"]
[Result "0-1"]
[WhiteElo "1922"]
[BlackElo "2105"]
[WhiteFideId "-1"]
[WhiteFideId "-1"]
[PlyCount "102"]
[GameId "2221633315115660"]
[EventDate "2025.09.03"]
[EventType "swiss"]
[EventRounds "7"]
[EventCountry "CAN"]

1. e4 e6 2. d4 d5 3. Nc3 Nf6 4. Bg5 dxe4 5. Nxe4 Be7 6. Nxf6+ Bxf6 7. Bxf6 Qxf6 8. Qd3 O-O 9. O-O-O Rd8 10. Nf3 Nc6 11. Qe4 Bd7 12. h4 Nb4 13. Ng5 h6 14. Qh7+ Kf8 15. a3 a5 16. Nf3 Nd5 17. Ne5 Bc6 18. Rh3 Nf4 19. Nxc6 bxc6 20. Rf3 Qg6 21. Qxg6 Nxg6 22. g3 Rd6 23. Rc3 Ke7 24. Rdd3 Kd7 25. Rc5 Ne7 26. a4 Nd5 27. b3 Nb4 28. Rd1 Kc8 29. Re5 Kb7 30. c3 Nd5 31. Kb2 Rad8 32. c4 f6 33. Re2 Nb4 34. Red2 e5 35. d5 cxd5 36. cxd5 Kb6 37. f4 exf4 38. gxf4 Rxd5 39. Rxd5 Rxd5 40. Rxd5 Nxd5 41. f5 Kc5 42. Bc4 Ne3 43. Be6 h5 44. Kc3 Ng2 45. Bf7 Nxh4 46. Bxh5 Nxf5 47. Bg6 Ne7 48. Bf7 g5 49. Be6 f5 50. b4+ axb4+ 51. Kb3 Nc6 0-1

[Event "Montreal op"]
[Site "Montreal CAN"]
[Date "2025.09.07"]
[Round "6.11"]
[White "Siegel, Adam"]
[Black "Robichaud, Louis"]
[Result "0-1"]
[WhiteElo "2051"]
[BlackElo "1914"]
[WhiteFideId "-1"]
[WhiteFideId "-1"]
[PlyCount "116"]
[GameId "2221633315115661"]
[EventDate "2025.09.03"]
[EventType "swiss"]
[EventRounds "7"]
[EventCountry "CAN"]

1. d4 Nf6 2. c4 g6 3. Nc3 Bg7 4. e4 d6 5. Bd3 e5 6. d5 Nbd7 7. Nge2 Nc5 8. Bc2 a5 9. Rb1 Bd7 10. O-O O-O 11. f3 h5 12. Bg5 Qe8 13. Qd2 Nh7 14. Be3 b6 15. b3 Qe7 16. a3 Bf6 17. b4 axb4 18. axb4 Na6 19. Rb2 Nb8 20. Rd1 Bg5 21. Rbb1 h4 22. Ra1 Rxa1 23. Rxa1 h3 24. g3 f5 25. f4 Bh6 26. Ra7 fxe4 27. Nxe4 Nf6 28. Nxf6+ Qxf6 29. Rxc7 Bg4 30. Nc3 exf4 31. gxf4 Nd7 32. Ne4 Qa1+ 33. Qc1 Ra8 34. Rc8+ Kh7 35. Rxa8 Qxa8 36. Nxd6 Qf8 37. c5 bxc5 38. bxc5 Nxc5 39. Bxc5 Bxf4 40. Qf1 Qf6 41. Ne4 Qe5 42. Qf2 Qa1+ 43. Qf1 Bxh2+ 44. Kf2 Qe5 45. Bd6 Qf5+ 46. Ke1 Bxd6 47. Nxd6 Qxc2 48. Qf7+ Kh6 49. Qf4+ Kh5 50. Qe5+ Kh4 51. Qf6+ Kg3 52. Qe5+ Kg2 53. Qe4+ Qxe4+ 54. Nxe4 h2 55. Nf2 h1=Q+ 56. Nxh1 Kxh1 57. Kf2 Kh2 58. Ke3 g5 0-1

[Event "Montreal op"]
[Site "Montreal CAN"]
[Date "2025.09.07"]
[Round "6.12"]
[White "Chapdelaine, Gwyn"]
[Black "Huang, Qiuyu"]
[Result "0-1"]
[WhiteElo "1884"]
[BlackElo "2043"]
[WhiteFideId "-1"]
[WhiteFideId "-1"]
[PlyCount "94"]
[GameId "2221633315177102"]
[EventDate "2025.09.03"]
[EventType "swiss"]
[EventRounds "7"]
[EventCountry "CAN"]

1. e4 c5 2. Nc3 Nc6 3. Bb5 Nd4 4. Nf3 Qa5 5. Bc4 e6 6. O-O b5 7. Bd3 Nxf3+ 8. Qxf3 a6 9. e5 Rb8 10. b3 Qc7 11. Re1 c4 12. bxc4 bxc4 13. Bf1 d5 14. exd6 Bxd6 15. Ne4 Bxh2+ 16. Kh1 Be5 17. Ba3 Nf6 18. Rab1 Bb7 19. Nxf6+ gxf6 20. Qg4 f5 21. Qh5 Bd5 22. Qg5 Rxb1 23. Rxb1 Qd8 24. Qxd8+ Kxd8 25. Rb4 Rg8 26. f3 Rg5 27. c3 a5 28. Rb2 Kc7 29. Bc5 Kc6 30. Be3 Rh5+ 31. Kg1 Bc7 32. d3 cxd3 33. Bxd3 Kd6 34. Bb5 e5 35. c4 Be6 36. c5+ Ke7 37. c6 f4 38. Bc5+ Ke8 39. Ba4 e4 40. Bb6 Kd8 41. fxe4 Re5 42. Bd4 Rxe4 43. Rd2 Ke8 44. Kh2 f3+ 45. g3 Rh4+ 46. Kg1 Rxd4 47. Rxd4 Bb6 0-1

[Event "Montreal op"]
[Site "Montreal CAN"]
[Date "2025.09.07"]
[Round "6.13"]
[White "Sun, Jonathan"]
[Black "Lopez Linares, Lizandro"]
[Result "0-1"]
[WhiteElo "1790"]
[BlackElo "2038"]
[WhiteFideId "-1"]
[WhiteFideId "-1"]
[PlyCount "66"]
[GameId "2221633315177103"]
[EventDate "2025.09.03"]
[EventType "swiss"]
[EventRounds "7"]
[EventCountry "CAN"]

1. e4 c6 2. d4 d5 3. exd5 cxd5 4. c4 Nf6 5. Nc3 Nc6 6. Bg5 e6 7. Nf3 Be7 8. cxd5 Nxd5 9. Bxe7 Qxe7 10. Bd3 Nf4 11. O-O Nxd3 12. Qxd3 O-O 13. Rfe1 Qf6 14. Ne5 Rd8 15. Nxc6 bxc6 16. Rad1 Rb8 17. b3 Bd7 18. Ne4 Qf5 19. Qg3 Be8 20. Rd3 Qg6 21. Qxg6 hxg6 22. Nc5 Rd5 23. a4 Rbd8 24. Red1 a5 25. f3 Kf8 26. Kf2 Ke7 27. g3 f6 28. R1d2 g5 29. f4 Bg6 30. Re3 Rxc5 31. Rde2 Rxd4 32. Rxe6+ Kf7 33. fxg5 fxg5 0-1

[Event "Montreal op"]
[Site "Montreal CAN"]
[Date "2025.09.07"]
[Round "6.14"]
[White "Latreche, Sabrina"]
[Black "Atmani, Amine"]
[Result "0-1"]
[WhiteElo "1984"]
[BlackElo "1871"]
[WhiteFideId "-1"]
[WhiteFideId "-1"]
[PlyCount "68"]
[GameId "2221633315177104"]
[EventDate "2025.09.03"]
[EventType "swiss"]
[EventRounds "7"]
[EventCountry "CAN"]

1. e4 e6 2. Qe2 Be7 3. g3 d5 4. d3 Nf6 5. Bg2 O-O 6. Nf3 a5 7. O-O a4 8. a3 Nc6 9. e5 Nd7 10. Re1 Nb6 11. h4 f6 12. d4 Bd7 13. c3 Na5 14. exf6 Bxf6 15. Bf4 Nb3 16. Ra2 Nc4 17. Ng5 Ra6 18. Bh3 Qc8 19. Nf3 e5 20. Bxd7 Qxd7 21. Nxe5 Bxe5 22. Bxe5 Rg6 23. Kg2 Qe7 24. h5 Re6 25. f4 c6 26. Qg4 Rh6 27. f5 Qd7 28. Bf4 Rhf6 29. h6 Rg6 30. Re7 Qxe7 31. fxg6 Qe4+ 32. Kh2 Qxg6 33. Qxg6 hxg6 34. hxg7 Re8 0-1

[Event "Montreal op"]
[Site "Montreal CAN"]
[Date "2025.09.07"]
[Round "6.15"]
[White "Deboosere, Adam Moussa"]
[Black "Lamontagne, Damien"]
[Result "1-0"]
[WhiteElo "1925"]
[BlackElo "1834"]
[WhiteFideId "-1"]
[WhiteFideId "-1"]
[PlyCount "91"]
[GameId "2221633315177105"]
[EventDate "2025.09.03"]
[EventType "swiss"]
[EventRounds "7"]
[EventCountry "CAN"]

1. d4 Nf6 2. Nf3 e6 3. g3 d5 4. Bg2 Bd6 5. O-O O-O 6. c4 c6 7. Nbd2 Nbd7 8. Qc2 Re8 9. Rd1 Qc7 10. e4 Nxe4 11. Nxe4 dxe4 12. Qxe4 Nf6 13. Qc2 c5 14. Bg5 Be7 15. dxc5 Qxc5 16. Be3 Qa5 17. a3 Bd7 18. Nd4 Qc7 19. Qe2 e5 20. Nb5 Bxb5 21. cxb5 Bd6 22. Rac1 Qe7 23. b4 Red8 24. Bg5 Rd7 25. Rc2 h6 26. Be3 a5 27. bxa6 Rxa6 28. Bxb7 Rxa3 29. Bc6 Rd8 30. b5 Nd7 31. Rcd2 Rxe3 32. fxe3 Nb6 33. Kh1 Bc7 34. Rxd8+ Bxd8 35. Qd3 Bc7 36. Rf1 Qe6 37. e4 Qa2 38. Bd5 Nxd5 39. Qxd5 Qe2 40. Qxf7+ Kh8 41. Qf8+ Kh7 42. Qf5+ Kh8 43. Ra1 Qxb5 44. Ra8+ Bb8 45. Qf8+ Kh7 46. Rxb8 1-0

[Event "Montreal op"]
[Site "Montreal CAN"]
[Date "2025.09.07"]
[Round "6.16"]
[White "Both, Aaron"]
[Black "Arruebarrena, Rafael"]
[Result "0-1"]
[WhiteElo "1917"]
[BlackElo "2107"]
[WhiteFideId "-1"]
[WhiteFideId "-1"]
[PlyCount "90"]
[GameId "2221633315177106"]
[EventDate "2025.09.03"]
[EventType "swiss"]
[EventRounds "7"]
[EventCountry "CAN"]

1. e4 c5 2. Nc3 e6 3. d4 cxd4 4. Qxd4 Nc6 5. Qd3 Nf6 6. Bf4 d6 7. O-O-O e5 8. Bg5 a6 9. Nge2 Be6 10. Kb1 Rc8 11. Nd5 Bxd5 12. exd5 Nb8 13. Ng3 Nbd7 14. h4 h5 15. Be2 g6 16. f4 exf4 17. Bxf4 Be7 18. Rhf1 O-O 19. Bh6 Ne5 20. Qb3 Re8 21. Qxb7 Nfd7 22. Ne4 f5 23. Ng5 Nc5 24. Qb4 Bf6 25. Qa3 Qb6 26. c3 Nf7 27. Bxh5 Nxh6 28. Bxg6 Re2 29. Bxf5 Nxf5 30. Rxf5 Rb8 31. b4 Bg7 32. Ne6 Nxe6 33. dxe6 Qe3 34. Rf3 Qe4+ 35. Ka1 Qxe6 36. Qb3 Qxb3 37. axb3 Rxb4 38. Rxd6 Rxb3 39. Rd8+ Kh7 40. Rd7 Rxg2 41. Rh3 Kh6 42. Rc7 Rc2 43. Rc6+ Kh7 44. Rc7 Rbxc3 45. Rhxc3 Rxc3 0-1

[Event "Montreal op"]
[Site "Montreal CAN"]
[Date "2025.09.07"]
[Round "6.18"]
[White "Trofimov-Malyshkin, Valentyn"]
[Black "Jacquet, Stephane"]
[Result "1-0"]
[WhiteElo "1964"]
[BlackElo "1931"]
[WhiteFideId "-1"]
[WhiteFideId "-1"]
[PlyCount "103"]
[GameId "2221633315177108"]
[EventDate "2025.09.03"]
[EventType "swiss"]
[EventRounds "7"]
[EventCountry "CAN"]

1. d4 d6 2. Nf3 g6 3. e4 Bg7 4. Bc4 Nf6 5. Nc3 O-O 6. Bb3 e6 7. h3 a6 8. Qe2 b5 9. e5 dxe5 10. dxe5 Nfd7 11. Bg5 Qe8 12. Ne4 h6 13. Bh4 Bb7 14. Nf6+ Bxf6 15. exf6 c5 16. Qe3 Kh7 17. Nh2 Rg8 18. c3 Nc6 19. Ng4 Qf8 20. Bg5 c4 21. Bxh6 Qc5 22. Qxc5 Nxc5 23. Bc2 Nd3+ 24. Bxd3 cxd3 25. O-O-O Rgd8 26. h4 Rd5 27. f3 b4 28. c4 Rd4 29. Be3 Rxc4+ 30. Kb1 Rd8 31. h5 g5 32. Bxg5 Rc2 33. Rd2 Rc5 34. Be3 Rcd5 35. Rh3 Ne5 36. b3 a5 37. Nh6 R8d7 38. Rg3 a4 39. Rg7+ Kh8 40. Bf4 a3 41. Bxe5 Rxe5 42. Rxd3 Bd5 43. Nxf7+ Rxf7 44. Rxf7 Re1+ 45. Kc2 Ra1 46. Rd4 Rxa2+ 47. Kd3 Rxg2 48. Rxb4 a2 49. Rb8+ Rg8 50. Rxg8+ Kxg8 51. Ra7 Bxb3 52. f4 1-0

[Event "Montreal op"]
[Site "Montreal CAN"]
[Date "2025.09.07"]
[Round "6.19"]
[White "Dufresne, Christophe"]
[Black "Gueorguiev, Valentin"]
[Result "1-0"]
[WhiteElo "1762"]
[BlackElo "1933"]
[WhiteFideId "-1"]
[WhiteFideId "-1"]
[PlyCount "103"]
[GameId "2221633315177109"]
[EventDate "2025.09.03"]
[EventType "swiss"]
[EventRounds "7"]
[EventCountry "CAN"]

1. e4 c5 2. d4 cxd4 3. Qxd4 Nc6 4. Qd3 g6 5. Nc3 Bg7 6. Nf3 Nf6 7. Be2 O-O 8. O-O d6 9. Nd5 Ng4 10. c3 Nge5 11. Nxe5 Nxe5 12. Qc2 Be6 13. a4 Rc8 14. Be3 Bxd5 15. exd5 Nc4 16. Bxc4 Rxc4 17. Qb3 Qc8 18. Bxa7 Be5 19. Be3 Rh4 20. f4 Bf6 21. g3 Rh5 22. Rad1 Qd7 23. Qb5 Qh3 24. Qe2 Ra8 25. Qg2 Qd7 26. Ra1 Ra5 27. c4 Rxa4 28. Rxa4 Qxa4 29. g4 Qb3 30. gxh5 Qxe3+ 31. Kh1 Kg7 32. hxg6 hxg6 33. Qf3 Qd4 34. b3 Bh4 35. Rd1 Qb2 36. Qd3 Bf6 37. Kg1 Kg8 38. Rd2 Qc1+ 39. Kg2 Qe1 40. Re2 Qh4 41. Qf3 Kf8 42. h3 Kg7 43. Qg4 Qh6 44. Ra2 Qh8 45. Kh1 b5 46. cxb5 Qb8 47. Qe2 Qh8 48. Kg2 Qb8 49. Ra6 Qb7 50. Rc6 Bd4 51. Qc4 Qa7 52. Ra6 1-0

[Event "Montreal op"]
[Site "Montreal CAN"]
[Date "2025.09.07"]
[Round "6.20"]
[White "Kraiouchkine, Nikita"]
[Black "Beaupre, Eugene jr"]
[Result "1-0"]
[WhiteElo "2165"]
[BlackElo "1895"]
[WhiteFideId "-1"]
[WhiteFideId "-1"]
[PlyCount "69"]
[GameId "2221633315177111"]
[EventDate "2025.09.03"]
[EventType "swiss"]
[EventRounds "7"]
[EventCountry "CAN"]

1. e4 c5 2. Nf3 d6 3. d4 cxd4 4. Nxd4 Nf6 5. Nc3 g6 6. Be3 Bg7 7. f3 O-O 8. Bc4 Nc6 9. Bb3 Bd7 10. Qd2 Rc8 11. h4 h5 12. g4 Qa5 13. g5 Ne8 14. f4 Nxd4 15. Bxd4 e5 16. fxe5 Bg4 17. Nd5 Qxd2+ 18. Kxd2 Rd8 19. Nf6+ Kh8 20. Ke3 dxe5 21. Bxe5 Nxf6 22. gxf6 Bh6+ 23. Bf4 Kh7 24. Bxh6 Kxh6 25. Bd5 g5 26. Bxb7 Rd6 27. Bd5 Rc8 28. c4 gxh4 29. Bxf7 Rf8 30. e5 Rb6 31. Bd5 Rxb2 32. f7 Kg6 33. Rhf1 h3 34. Kd4 h2 35. e6 1-0

[Event "Montreal op"]
[Site "Montreal CAN"]
[Date "2025.09.07"]
[Round "6.21"]
[White "Zhang, Yitian"]
[Black "Berube, Maximilien"]
[Result "1/2-1/2"]
[WhiteElo "1833"]
[BlackElo "2007"]
[WhiteFideId "-1"]
[WhiteFideId "-1"]
[PlyCount "249"]
[GameId "2221633315177112"]
[EventDate "2025.09.03"]
[EventType "swiss"]
[EventRounds "7"]
[EventCountry "CAN"]

1. d4 Nf6 2. c4 e6 3. Nc3 Bb4 4. Qc2 O-O 5. a3 Bxc3+ 6. Qxc3 d6 7. Bg5 Nbd7 8. f3 b6 9. e4 e5 10. d5 a5 11. b4 h6 12. Be3 Nh5 13. g4 Nf4 14. Rc1 h5 15. h3 axb4 16. axb4 Ra2 17. Ne2 Qh4+ 18. Bf2 Qe7 19. Rg1 hxg4 20. hxg4 Bb7 21. Rc2 Rfa8 22. Rxa2 Rxa2 23. Rh1 Nxe2 24. Bxe2 Nf8 25. c5 bxc5 26. bxc5 Qe8 27. c6 Ba6 28. Bxa6 Rxa6 29. Be3 Qa8 30. Kf2 Ra2+ 31. Kg3 Qa6 32. Rh2 Ra3 33. Qd2 Rd3 34. Qc1 Qa4 35. Re2 Ng6 36. Kf2 Rb3 37. Rb2 Qa3 38. Rxb3 Qxb3 39. Bd2 Nh4 40. Qc3 Qd1 41. Be1 Ng6 42. Qd2 Qb3 43. Qb4 Qc2+ 44. Bd2 Nf4 45. Qc3 Qa2 46. Qe3 Qb1 47. Be1 Qc2+ 48. Qd2 Qc5+ 49. Kf1 Qc4+ 50. Kg1 Qb3 51. Kf2 Nd3+ 52. Ke2 Nf4+ 53. Kf2 Qb6+ 54. Kf1 Qb5+ 55. Kf2 Qc5+ 56. Kf1 Qc4+ 57. Kg1 Qb3 58. Kf2 Qa3 59. Kg3 Qa6 60. Qf2 Qc4 61. Bd2 Ne2+ 62. Kg2 Qb5 63. Be3 Nc3 64. Qe1 Ne2 65. Kf2 Nd4 66. Qd2 Qc4 67. Qb2 Nb5 68. Kg3 Qd3 69. Qd2 Qb3 70. Bf2 Na3 71. Kg2 Nb5 72. Qc1 Nd4 73. Qe3 Qb2 74. Qd3 Ne2 75. Qd1 Nf4+ 76. Kg3 Qa2 77. Qf1 Ne2+ 78. Kg2 g6 79. Kh1 Nf4 80. Be3 Qa3 81. Qc1 Qd3 82. Qg1 Qe2 83. Qf2 Qd1+ 84. Kh2 Nd3 85. Qd2 Qf1 86. Kg3 Qb1 87. Qc3 Qd1 88. Qd2 Qf1 89. Qc2 Qe1+ 90. Bf2 Qf1 91. Be3 Qe1+ 92. Bf2 Qf1 93. Be3 Qxf3+ 94. Kxf3 Ne1+ 95. Kf2 Nxc2 96. Bb6 Kf8 97. Bxc7 Ke7 98. Bb8 Nb4 99. c7 Kd7 100. c8=Q+ Kxc8 101. Bxd6 Nd3+ 102. Ke3 Nb2 103. Bxe5 Nc4+ 104. Kd4 Nd2 105. Bf4 Nf3+ 106. Ke3 Ne1 107. Bd6 Kd7 108. Bc5 Ng2+ 109. Kf3 Ne1+ 110. Ke2 Ng2 111. Bd4 Nf4+ 112. Ke3 Ng2+ 113. Kf3 Ne1+ 114. Ke2 Nc2 115. Bf6 Na3 116. Kd3 Nb5 117. Kc4 Nd6+ 118. Kd4 Nb5+ 119. Ke5 Nd6 120. Bg5 Ne8 121. Bh4 Nd6 122. Kf4 Nb5 123. Ke5 Nd6 124. Kd4 Nb5+ 125. Ke5 1/2-1/2

[Event "Montreal op"]
[Site "Montreal CAN"]
[Date "2025.09.07"]
[Round "6.22"]
[White "Darvekar, Yash"]
[Black "Di Matteo, Alessio"]
[Result "1-0"]
[WhiteElo "1989"]
[BlackElo "1876"]
[WhiteFideId "-1"]
[WhiteFideId "-1"]
[PlyCount "35"]
[GameId "2221633315242649"]
[EventDate "2025.09.03"]
[EventType "swiss"]
[EventRounds "7"]
[EventCountry "CAN"]

1. e4 c5 2. Nf3 e6 3. d4 cxd4 4. Nxd4 Nc6 5. Nc3 Qc7 6. Be3 a6 7. Be2 Nf6 8. O-O Be7 9. f4 d6 10. Qe1 e5 11. Nb3 b5 12. Qg3 O-O 13. fxe5 Nxe5 14. Rxf6 Bxf6 15. Nd5 Qd8 16. Bb6 Bh4 17. Bxd8 Bxg3 18. Be7 1-0

[Event "Montreal op"]
[Site "Montreal CAN"]
[Date "2025.09.07"]
[Round "6.24"]
[White "Wu, Ting En Ryan"]
[Black "Turcotte, Jonathan"]
[Result "0-1"]
[WhiteElo "1743"]
[BlackElo "1945"]
[WhiteFideId "-1"]
[WhiteFideId "-1"]
[PlyCount "100"]
[GameId "2221633315242651"]
[EventDate "2025.09.03"]
[EventType "swiss"]
[EventRounds "7"]
[EventCountry "CAN"]

1. e4 c6 2. d4 d5 3. Nc3 dxe4 4. Nxe4 Bf5 5. Ng3 Bg6 6. h4 h6 7. Nf3 Nd7 8. h5 Bh7 9. Bd3 Bxd3 10. Qxd3 e6 11. Bd2 Ngf6 12. O-O-O Be7 13. Ne4 Nxe4 14. Qxe4 Nf6 15. Qe2 Qd5 16. Kb1 Qb5 17. c4 Qf5+ 18. Ka1 Qe4 19. Be3 Ng4 20. Nd2 Qf5 21. Nf3 Nxe3 22. fxe3 Qe4 23. Nd2 Qc2 24. Rc1 Qh7 25. Nf3 O-O 26. e4 Rad8 27. Rhd1 Bf6 28. Qe3 Rd7 29. g4 Rfd8 30. a3 a6 31. Ka2 Kh8 32. e5 Be7 33. Qf4 Kg8 34. c5 Rd5 35. Rd2 Rf8 36. Rg1 f6 37. exf6 Bxf6 38. Qe3 Re8 39. Re2 Kh8 40. Qb3 Re7 41. Rge1 Qg8 42. Qc4 Bxd4 43. Nxd4 Rxd4 44. Qxd4 e5+ 45. Ka1 exd4 46. Rxe7 Qd5 47. Rxb7 d3 48. Rb8+ Kh7 49. Rb4 Qxc5 50. Kb1 Qc2+ 0-1

[Event "Montreal op"]
[Site "Montreal CAN"]
[Date "2025.09.07"]
[Round "6.25"]
[White "Chua, Zachary"]
[Black "Mok, Yuen Tak"]
[Result "1-0"]
[WhiteElo "1744"]
[BlackElo "1941"]
[WhiteFideId "-1"]
[WhiteFideId "-1"]
[PlyCount "95"]
[GameId "2221633315242652"]
[EventDate "2025.09.03"]
[EventType "swiss"]
[EventRounds "7"]
[EventCountry "CAN"]

1. d4 d5 2. Bf4 c5 3. e3 Nc6 4. c3 Bf5 5. Bd3 Bxd3 6. Qxd3 e6 7. Nf3 Nf6 8. Nbd2 Be7 9. h3 a6 10. O-O O-O 11. Rfe1 Rc8 12. Ne5 b5 13. a4 c4 14. Qc2 b4 15. e4 Nxe5 16. Bxe5 b3 17. Qd1 Ne8 18. exd5 exd5 19. Nf3 Bd6 20. Qd2 f6 21. Bf4 Rc7 22. Re6 Re7 23. Rxe7 Qxe7 24. Re1 Qd7 25. a5 Kf7 26. Bxd6 Qxd6 27. Nh4 Qd7 28. Qe2 Nc7 29. Qh5+ Kg8 30. Nf5 Re8 31. Rxe8+ Nxe8 32. Qg4 Kf8 33. Qh5 h6 34. Nh4 Nc7 35. Ng6+ Kg8 36. Nf4 g5 37. Ne2 Qe6 38. Qg6+ Kf8 39. Qxh6+ Ke7 40. Ng3 Kd7 41. Qh7+ Kc6 42. Kh2 Qd7 43. Qh8 Qd6 44. Qb8 Kd7 45. Qh8 Kc6 46. Kg1 Kb5 47. Nf5 Qc6 48. Qb8+ 1-0

[Event "Montreal op"]
[Site "Montreal CAN"]
[Date "2025.09.07"]
[Round "6.26"]
[White "Ang, Alan"]
[Black "Kiryakov, Marin"]
[Result "1-0"]
[WhiteElo "1938"]
[BlackElo "1895"]
[WhiteFideId "-1"]
[WhiteFideId "-1"]
[PlyCount "127"]
[GameId "2221633315263133"]
[EventDate "2025.09.03"]
[EventType "swiss"]
[EventRounds "7"]
[EventCountry "CAN"]

1. b3 e5 2. Bb2 Nc6 3. c4 Nge7 4. e3 d5 5. cxd5 Nxd5 6. a3 f6 7. d3 Be6 8. Nf3 Qd7 9. b4 O-O-O 10. b5 Na5 11. Nbd2 Qxb5 12. Rb1 Qd7 13. Be2 g5 14. O-O h5 15. Ne4 Rg8 16. Qd2 Nc6 17. Rfc1 g4 18. Nh4 f5 19. Nc5 Bxc5 20. Rxc5 Qe7 21. Rxc6 bxc6 22. g3 e4 23. Qa5 Kd7 24. Be5 Rb8 25. Rd1 Ke8 26. dxe4 fxe4 27. Qa4 Bd7 28. Qxe4 Nc3 29. Qc4 Nxe2+ 30. Kf1 Qe6 31. Qxe6+ Bxe6 32. Kxe2 Rb3 33. Bxc7 Rxa3 34. Rd6 Ra2+ 35. Kd3 Rxf2 36. Rxc6 Rxh2 37. Be5 Bd7 38. Rc1 a5 39. e4 a4 40. Nf5 a3 41. Rb1 Bxf5 42. exf5 Kd7 43. Rb7+ Kc6 44. Ra7 Rd8+ 45. Kc4 a2 46. f6 Kb6 47. Ra4 Re2 48. Bd4+ Kc6 49. Ra6+ Kd7 50. Bc5 Rc8 51. f7 Rc2+ 52. Kd4 R2xc5 53. f8=Q Rxf8 54. Kxc5 Rf3 55. Rxa2 Rxg3 56. Kd5 Rf3 57. Ra7+ Kc8 58. Rh7 Rf5+ 59. Ke6 Rf8 60. Ra7 Kd8 61. Ra8+ Kc7 62. Rxf8 h4 63. Rf4 g3 64. Rxh4 1-0

[Event "Montreal op"]
[Site "Montreal CAN"]
[Date "2025.09.07"]
[Round "6.27"]
[White "Duval, Mathieu"]
[Black "Huynh, Nhu Phuong Nghi"]
[Result "1/2-1/2"]
[WhiteElo "1929"]
[BlackElo "1400"]
[WhiteFideId "-1"]
[WhiteFideId "-1"]
[PlyCount "103"]
[GameId "2221633315267230"]
[EventDate "2025.09.03"]
[EventType "swiss"]
[EventRounds "7"]
[EventCountry "CAN"]

1. d4 Nf6 2. c4 g6 3. g3 Bg7 4. Bg2 O-O 5. Nc3 d6 6. Nf3 Nc6 7. O-O Bg4 8. h3 Bxf3 9. Bxf3 e5 10. dxe5 Nxe5 11. Bxb7 Rb8 12. Bd5 c6 13. f4 cxd5 14. fxe5 Ne4 15. Nxe4 dxe4 16. Qxd6 Qc8 17. e6 fxe6 18. Rxf8+ Bxf8 19. Qf4 Qb7 20. Be3 Bg7 21. Qd6 Qxb2 22. Qxe6+ Kh8 23. Rf1 Qxe2 24. Qxe4 h6 25. Qf3 Qxc4 26. Bxa7 Rf8 27. Qg2 Rxf1+ 28. Qxf1 Qxa2 29. Bf2 Kh7 30. Qd3 Qe6 31. Kg2 Qc6+ 32. Kh2 Be5 33. Qb3 Kg7 34. Qe3 Qc7 35. Qe4 Qd6 36. h4 h5 37. Qe3 Bf6 38. Qa7+ Kg8 39. Be3 Be5 40. Qa8+ Kf7 41. Qf3+ Kg7 42. Bc1 Bf6 43. Qe3 Qe5 44. Qa7+ Kg8 45. Qa6 Kf7 46. Qc4+ Kg7 47. Qc2 Kf7 48. Bh6 Qb2 49. Qd2 Qxd2+ 50. Bxd2 Ke6 51. Kg2 Kf5 52. Kf3 1/2-1/2

[Event "Montreal op"]
[Site "Montreal CAN"]
[Date "2025.09.07"]
[Round "6.28"]
[White "Buzhor, Danil"]
[Black "Jutras, Arnaud"]
[Result "0-1"]
[WhiteElo "1913"]
[BlackElo "1720"]
[WhiteFideId "-1"]
[WhiteFideId "-1"]
[PlyCount "43"]
[GameId "2221633315271327"]
[EventDate "2025.09.03"]
[EventType "swiss"]
[EventRounds "7"]
[EventCountry "CAN"]

1. e4 c6 2. d4 d5 3. e5 c5 4. dxc5 Nc6 5. Nf3 Bg4 6. c3 e6 7. Be3 Bxf3 8. Qxf3 Nxe5 9. Bb5+ Nd7 10. O-O Ngf6 11. Nd2 Be7 12. b4 O-O 13. Qd1 Qc7 14. Re1 Rfd8 15. c4 dxc4 16. Rc1 Nd5 17. Nxc4 Nxb4 18. Qa4 Nd3 19. Red1 Nxc1 20. Rxc1 Nxc5 21. Qc2 g6 22. Bxc5 0-1

[Event "Montreal op"]
[Site "Montreal CAN"]
[Date "2025.09.07"]
[Round "6.29"]
[White "Morin-Pare, Victor"]
[Black "Rondon, Luciano"]
[Result "1-0"]
[WhiteElo "1873"]
[BlackElo "1950"]
[WhiteFideId "-1"]
[WhiteFideId "-1"]
[PlyCount "47"]
[GameId "2221633315271328"]
[EventDate "2025.09.03"]
[EventType "swiss"]
[EventRounds "7"]
[EventCountry "CAN"]

1. d4 d5 2. Bf4 Bf5 3. Nc3 e6 4. Nb5 Na6 5. e3 Nf6 6. a3 c6 7. Nc3 Nb8 8. Nf3 Bd6 9. Ne5 Qc7 10. g4 Bg6 11. h4 h5 12. Nxg6 fxg6 13. Bxd6 Qxd6 14. g5 Ng4 15. Bh3 e5 16. Bxg4 hxg4 17. dxe5 Qxe5 18. Qxg4 Nd7 19. O-O-O O-O-O 20. e4 d4 21. f4 Qc5 22. Ne2 Qc4 23. Rxd4 Qa2 24. Nc3 1-0